[Event "NOR-chT Clubs"]
[Site "Drammen"]
[Date "2022.05.26"]
[Round "6"]
[White "Westrum, Kim Roger Hansen"]
[Black "Dale, Svein"]
[Result "1-0"]
[WhiteElo "2134"]
[BlackElo "1683"]
[PlyCount "31"]
[EventDate "2022.05.26"]
[EventType "team-swiss"]
[EventRounds "6"]
[EventCountry "NOR"]
[SourceTitle "EXT 2024"]
[Source "ChessBase"]
[SourceDate "2023.10.10"]
[SourceVersion "1"]
[SourceVersionDate "2023.10.10"]
[SourceQuality "1"]
[WhiteTeam "Nittedal"]
[BlackTeam "Oslo SK 1911 II"]
[WhiteTeamCountry "NOR"]
[BlackTeamCountry "NOR"]

1. e4 c6 2. c4 d5 3. exd5 cxd5 4. cxd5 Nf6 5. Nc3 Nxd5 6. Bc4 Nxc3 7. Qf3 e6 8. dxc3 Be7 9. Qe4 Nd7 10. Bf4 0-0 11. Rd1 Nf6 12. Qe2 Qb6 13. Nf3 Nd5 14. Bxd5 exd5 15. Qxe7 Qb5 16. Qe2 1-0

[Event "Vaxjo op"]
[Site "Vaxjo"]
[Date "2015.02.13"]
[Round "4"]
[White "Sixt, Joar"]
[Black "Dale, Svein"]
[Result "0-1"]
[WhiteElo "1356"]
[BlackElo "1709"]
[PlyCount "150"]
[EventDate "2015.02.13"]
[EventType "swiss"]
[EventRounds "8"]
[EventCountry "SWE"]
[SourceTitle "CBM 164 Extra"]
[Source "ChessBase"]
[SourceDate "2015.03.02"]
[SourceVersion "1"]
[SourceVersionDate "2015.03.02"]
[SourceQuality "1"]

1. d4 e6 2. e4 d5 3. exd5 exd5 4. Nf3 h6 5. Nc3 Nf6 6. Be3 Bd6 7. Bd3 Nc6 8. 0-0 Be6 9. Re1 a6 10. Nh4 Qd7 11. a3 0-0-0 12. b4 g5 13. Nf3 g4 14. Nh4 h5 15. g3 Be7 16. a4 Nh7 17. b5 Nb4 18. bxa6 Nxa6 19. Bxa6 bxa6 20. Ng2 Ng5 21. Bxg5 Bxg5 22. Qe2 Qd6 23. Qe5 Qe7 24. Qe2 Rd6 25. f3 gxf3 26. Qxf3 Qd7 27. h4 Bg4 28. Qd3 Bf6 29. Rab1 Re8 30. Rxe8+ Qxe8 31. Nxd5 Qxa4 32. Nxf6 Rxf6 33. Qe4 Re6 34. Qb7+ Kd7 35. Qd5+ Ke7 36. Qg5+ Kd6 37. Qc5+ Kd7 38. Qd5+ Ke7 39. Qg5+ f6 40. Qc5+ Kf7 41. Qxc7+ Re7 42. Qd6 Rd7 43. Rb7 Rxb7 44. Qd5+ Kg6 45. Qxb7 Qxd4+ 46. Kh2 Qc4 47. Nf4+ Kh6 48. Qb6 Qxc2+ 49. Ng2 Kg6 50. Kg1 Qd1+ 51. Kf2 Qe2+ 52. Kg1 Qd1+ 53. Kh2 Qe2 54. Qb1+ Bf5 55. Qc1 Be4 56. Qg1 Qxg2+ 57. Qxg2 Bxg2 58. Kxg2 Kf5 59. Kf3 a5 60. Ke3 Kg4 61. Kd4 Kxg3 62. Kc4 f5 63. Kb5 f4 64. Kxa5 f3 65. Kb5 f2 66. Kc5 f1Q 67. Kd5 Kxh4 68. Ke5 Kg4 69. Kd5 h4 70. Ke4 h3 71. Kd5 h2 72. Ke4 h1Q+ 73. Kd4 Qf4+ 74. Kc5 Qhc1+ 75. Kd5 Qcc4# 0-1